000 00290nam a2200109Ia 4500
008 201216s9999 xx 000 0 und d
100 _aBishop, R. E. D. and Price, W. G.
245 0 _aHydroelasticity of Ships
260 _aCambridge
_bCambridge University Press
300 _a423
942 _cBK
999 _c6242
_d6242